<?xml version="1.0" encoding="UTF-8"?>
<record
    xmlns:xsi="http://www.w3.org/2001/XMLSchema-instance"
    xsi:schemaLocation="http://www.loc.gov/MARC21/slim http://www.loc.gov/standards/marcxml/schema/MARC21slim.xsd"
    xmlns="http://www.loc.gov/MARC21/slim">

  <leader>00325    a2200109   4500</leader>
  <controlfield tag="001">ART_28339</controlfield>
  <controlfield tag="005">20260410161941.0</controlfield>
  <controlfield tag="008">260409a                                 </controlfield>
  <datafield tag="245" ind1="1" ind2="0">
    <subfield code="a">El nuevo C&#xF3;digo Civil y comercial</subfield>
  </datafield>
  <datafield tag="100" ind1="1" ind2=" ">
    <subfield code="a">Rodr&#xED;guez Mancini, Jorge</subfield>
  </datafield>
  <datafield tag="773" ind1="0" ind2=" ">
    <subfield code="t">Temas de derecho laboral</subfield>
    <subfield code="g">- N&#xBA; 11 (nov. 2014)</subfield>
    <subfield code="w">REV27619</subfield>
  </datafield>
  <datafield tag="999" ind1=" " ind2=" ">
    <subfield code="c">29522</subfield>
    <subfield code="d">29522</subfield>
  </datafield>
</record>
